| 000 | 00508cam a2200193ua 4500 | ||
|---|---|---|---|
| 001 | 6193 | ||
| 005 | 20260515114016.0 | ||
| 008 | 131122n ii |||gr||||Z||||||eng | ||
| 040 | _cMAIN | ||
| 082 | _a658 | ||
| 245 |
_aTheory & Practice of Management _cBy M.M. Varma |
||
| 260 |
_aDelhi: _bForward Book Depot, _c1996. |
||
| 300 | _ax,79p. | ||
| 653 | _aGeneral management | ||
| 653 | _aTheory & Practice of Management | ||
| 700 |
_aVarma,M.M., _eAuthor., |
||
| 700 |
_aAggarwal,R.K., _eAuthor. |
||
| 942 | _cBK | ||
| 999 |
_c5340 _d5340 |
||